000 00363nam a2200157Ia 4500
003 OSt
005 20240326164708.0
008 170524s9999 xx 000 0 und d
020 _anil
040 _ciimtu meerut
100 _aPAL- LAVI
100 _c1995
245 0 _aESSENTIALS OF BUSINESS COMMUNICATION
260 _aSULTAN CHAND SONS SONS
942 _2ddc
_c02
999 _c2139
_d2139